Jablonica, pamiatková obnova a adaptácia vybraných objektov areálu kaštieľa

Salvato in:
Dettagli Bibliografici
Autore principale: Gerátová, Ľudmila (Autore)
Altri autori: Botek, Andrej (Relatore della tesi)
Natura: Manoscritto Libro
Lingua:slovacco
Pubblicazione: Bratislava 2023
Soggetti:
Accesso online:http://is.stuba.sk/zp/portal_zp.pl?podrobnosti=172045
Tags: Aggiungi Tag
Nessun Tag, puoi essere il primo ad aggiungerne!!

MARC

LEADER 00000ntm a22000003a 4500
001 stuzp94054
003 SK-STU
005 20231010091038.2
007 ta
008 150427s2015----xo-----f-mn---000-0-slo-d
040 |a STU  |b slo 
041 0 |a slo 
100 1 |a Gerátová, Ľudmila  |u 053130  |4 aut  |U FAD Fakulta architektúry a dizajnu  |T FAD Ústav dejín a teórie architektúry a obnovy pamiatok  |X 93641  |U A3130  |Y 394  |7 93641 
242 0 1 |a Jablonica, monument restoration and adaptation selected objects of the areal of the mansion  |y eng 
245 1 0 |a Jablonica, pamiatková obnova a adaptácia vybraných objektov areálu kaštieľa 
260 |c 2023  |a Bratislava 
650 4 |a Jablonica  |2 slo 
650 4 |a kaštieľ  |2 slo 
650 4 |a hotel  |2 slo 
650 4 |a obnova  |2 slo 
650 4 |a adaptácia  |2 slo 
650 4 |a Jablonica  |2 eng 
650 4 |a mansion  |2 eng 
650 4 |a hotel  |2 eng 
650 4 |a restoration  |2 eng 
650 4 |a adaptation  |2 eng 
700 1 |a Botek, Andrej  |u 053130  |k Z1  |4 ths  |U FAD Fakulta architektúry a dizajnu  |T FAD Ústav dejín a teórie architektúry a obnovy pamiatok  |X 351  |U A3130  |Y 394  |7 A000000351 
856 4 |u http://is.stuba.sk/zp/portal_zp.pl?podrobnosti=172045  |u https://opac.crzp.sk/?fn=detailBiblioForm&sid=1755732D0F093F437BA434EAC795